[Event "III President's Cup"]
[Site "Baku AZE"]
[Date "2008.05.16"]
[Round "5"]
[White "Paehtz, E."]
[Black "Mchedlishvili, M."]
[Result "0-1"]
[WhiteElo "2449"]
[BlackElo "2635"]
[PlyCount "158"]
[EventDate "2008.05.12"]
[Source "www.chesslib.no"]
[SourceDate "2004.05.04"]

1. e4 c6 2. d4 d5 3. exd5 cxd5 4. c4 Nf6 5. Nc3 Nc6 6. Bg5 Be6 7. a3 Qd7 8. c5 Ne4 9. Be3 g6 10. Bb5 Nxc3 11. bxc3 Bg7 12. Qd2 O-O 13. Ne2 b6 14. O-O Rfd8 15. Nf4 bxc5 16. dxc5 Qc8 17. Nxe6 Qxe6 18. Rfe1 Qc8 19. Bh6 e6 20. Bxg7 Kxg7 21. c4 Rb8 22. Re3 dxc4 23. Qc3+ Nd4 24. Bxc4 Qxc5 25. Bf1 Qxc3 26. Rxc3 Rb2 27. Rd3 Rb3 28. Rad1 Rxd3 29. Rxd3 Kf6 30. f4 Rd5 31. Kf2 h6 32. h4 Nf5 33. g3 Ra5 34. Bg2 h5 35. Be4 Ne7 36. Kf3 Nd5 37. Rb3 Nb6 38. Rc3 Nd5 39. Rb3 Rc5 40. Rd3 Ke7 41. Rb3 Nb6 42. Bd3 Kd6 43. Bb5 Nd5 44. Be8 Rc7 45. Bb5 Nf6 46. Rd3+ Ke7 47. Ba4 Ng4 48. Bd1 Rc1 49. Ke2 Rb1 50. Rb3 Rxb3 51. Bxb3 Kd6 52. Ba4 Nf6 53. Kf3 Kc5 54. Bd1 Kd6 55. Bb3 Ng4 56. Ke4 Nh6 57. Ba4 Nf5 58. Kf3 Kc5 59. Be8 Nd6 60. Bd7 Kb6 61. Ba4 a6 62. g4 Kc7 63. gxh5 gxh5 64. Bd1 Nf5 65. Kf2 Nxh4 66. Bxh5 f6 67. Be2 a5 68. Ke3 Kd6 69. Ke4 f5+ 70. Ke3 Ng2+ 71. Kf3 Ne1+ 72. Kf2 Nc2 73. a4 Nb4 74. Kf3 Nd5 75. Bb5 Kc5 76. Bd7 Kd6 77. Bb5 Nc7 78. Be2 Kc5 79. Bd1 Nd5 0-1

[Event "Skopje op 18th"]
[Site "Skopje"]
[Date "2002.01.18"]
[Round "4"]
[White "Palac, Mladen"]
[Black "Dizdarevic, Emir"]
[Result "1/2-1/2"]
[WhiteElo "2580"]
[BlackElo "2502"]
[PlyCount "41"]
[EventDate "2002.01.15"]
[Source "ChessBase"]
[SourceDate "2002.03.21"]

1. e4 c6 2. d4 d5 3. exd5 cxd5 4. c4 Nf6 5. Nc3 Nc6 6. Bg5 Qa5 7. a3 Ne4 8. Bd2 Nxd2 9. b4 Qd8 10. Qxd2 dxc4 11. d5 Ne5 12. Qd4 Ng6 13. Nf3 e5 14. Nxe5 Nxe5 15. Qxe5+ Qe7 16. Qxe7+ Bxe7 17. Bxc4 Bf5 18. O-O Rc8 19. Bb5+ Kd8 20. Nd1 Bd7 21. Bxd7 1/2-1/2

[Event "Deutschland"]
[Site "?"]
[Date "2003.01.13"]
[Round "4.1"]
[White "Reinderman Dimitri"]
[Black "Fridman Daniel"]
[Result "1/2-1/2"]
[WhiteElo "2506"]
[BlackElo "2572"]
[PlyCount "51"]
[EventDate "2003.??.??"]
[Source "www.chesslib.no"]
[SourceDate "2004.05.04"]

1. e4 c6 2. d4 d5 3. exd5 cxd5 4. c4 Nf6 5. Nc3 Nc6 6. Nf3 Bg4 7. cxd5 Nxd5 8. Qb3 Bxf3 9. gxf3 e6 10. Qxb7 Nxd4 11. Bb5+ Nxb5 12. Qc6+ Ke7 13. Qxb5 Qd7 14. Nxd5+ Qxd5 15. Bg5+ f6 16. Qxd5 exd5 17. Be3 Ke6 18. O-O-O Bb4 19. Kb1 Rhd8 20. Rd3 Rd7 21. Rc1 Rad8 22. a3 d4 23. axb4 dxe3 24. Rxe3+ Kf5 25. Ra3 Rb7 26. Rc5+ 1/2-1/2

[Event "Vladivostok"]
[Site "Vladivostok"]
[Date "1994.??.??"]
[Round "7"]
[White "Sveshnikov, Evgeny"]
[Black "Guliev, Sarhan"]
[Result "0-1"]
[WhiteElo "2585"]
[BlackElo "2490"]
[PlyCount "124"]
[EventDate "1994.??.??"]
[Source "ChessBase"]

1. e4 c6 2. d4 d5 3. exd5 cxd5 4. c4 Nf6 5. Nc3 Nc6 6. Bg5 Qa5 7. Bxf6 exf6 8. cxd5 Bb4 9. Qd2 Ne7 10. Bb5+ Qxb5 11. Nxb5 Bxd2+ 12. Kxd2 Nxd5 13. Ne2 O-O 14. Rhc1 Be6 15. Nc7 Rad8 16. Nxd5 Bxd5 17. f3 Rd7 18. Rc3 Rfd8 19. b3 Kf8 20. Rac1 Bc6 21. a4 f5 22. Rc5 g6 23. R1c3 Ke7 24. Re3+ Kf6 25. Kc3 g5 26. a5 h6 27. a6 f4 28. Ree5 Kg6 29. axb7 Bxb7 30. Ra5 Bd5 31. Nc1 f6 32. Re2 h5 33. Rea2 Bf7 34. R2a4 Rc8+ 35. Rc5 Re8 36. Kd2 Rde7 37. Ra6 Re1 38. h4 gxh4 39. Rcc6 Rg1 40. Rxf6+ Kg7 41. Nd3 Rxg2+ 42. Kc3 h3 43. Rxf4 h2 44. Rh4 Re3 45. Rxa7 Kf6 46. Ra6+ Kg5 47. Rh3 Bg6 48. f4+ Kg4 49. Rxe3 Bxd3 50. Ra1 Rg1 51. Ree1 Rxe1 52. Rxe1 Be4 53. d5 h1=Q 54. Rxh1 Bxh1 55. Kd4 Bxd5 56. Kxd5 h4 57. Ke5 h3 58. f5 h2 59. f6 h1=Q 60. f7 Qh6 61. b4 Kg5 62. b5 Kg6 0-1

[Event "Biel"]
[Site "Biel"]
[Date "1994.??.??"]
[Round "8"]
[White "Wahls, Matthias"]
[Black "Brunner, Lucas"]
[Result "1/2-1/2"]
[WhiteElo "2540"]
[BlackElo "2525"]
[PlyCount "96"]
[EventDate "1994.07.??"]
[Source "ChessBase"]

1. e4 c6 2. d4 d5 3. exd5 cxd5 4. c4 Nf6 5. Nc3 Nc6 6. Nf3 Bg4 7. cxd5 Nxd5 8. Qb3 Bxf3 9. gxf3 e6 10. Qxb7 Nxd4 11. Bb5+ Nxb5 12. Qc6+ Ke7 13. Qxb5 Qd7 14. Nxd5+ Qxd5 15. Bg5+ f6 16. Qxd5 exd5 17. Be3 Ke6 18. O-O-O Bb4 19. a3 Rhc8+ 20. Kb1 Bc5 21. Rhe1 Bxe3 22. Rxe3+ Kd6 23. Rde1 Rc4 24. Re6+ Kc5 25. Ra6 Rf4 26. Rc1+ Kb5 27. Rac6 Rc4 28. R1xc4 dxc4 29. Rc7 Re8 30. Rxa7 Re2 31. Rb7+ Kc6 32. Rb4 Kc5 33. Rb7 Rxf2 34. a4 Rxh2 35. a5 Rh1+ 36. Ka2 Re1 37. Rxg7 Kb5 38. Rxh7 Kxa5 39. Rf7 Re6 40. Kb1 Kb4 41. Kc2 Kc5 42. f4 Kd4 43. Rd7+ Ke3 44. Rc7 Re4 45. f5 Kd4 46. Rc6 Ke5 47. Kc3 Kxf5 48. Rxc4 Rxc4+ 1/2-1/2

[Event "Bundesliga 8990"]
[Site "Germany"]
[Date "1990.??.??"]
[Round "?"]
[White "Wahls, Matthias"]
[Black "Adorjan, Andras"]
[Result "1/2-1/2"]
[WhiteElo "2535"]
[BlackElo "2530"]
[PlyCount "66"]
[EventDate "1989.10.??"]
[Source "ChessBase"]
[SourceDate "1999.07.01"]

1. e4 c6 2. d4 d5 3. exd5 cxd5 4. c4 Nf6 5. Nc3 Nc6 6. Nf3 Bg4 7. cxd5 Nxd5 8. Qb3 Bxf3 9. gxf3 e6 10. Qxb7 Nxd4 11. Bb5+ Nxb5 12. Qc6+ Ke7 13. Qxb5 Qd7 14. Nxd5+ Qxd5 15. Qxd5 exd5 16. O-O Ke6 17. Re1+ Kf5 18. Rd1 Rd8 19. Be3 Rd7 20. Rac1 Be7 21. Rc4 Bf6 22. Rc5 Rhd8 23. b3 Be5 24. Ra5 Bc3 25. Rc5 Be5 26. Bd4 Rb8 27. Ra5 Rbb7 28. h3 f6 29. Kf1 Ke6 30. Ra6+ Kf5 31. Ra5 Ke6 32. Ra6+ Kf5 33. Ra5 Ke6 1/2-1/2

[Event "Copenhagen KS"]
[Site "Copenhagen"]
[Date "1996.??.??"]
[Round "3"]
[White "Hector, Jonny"]
[Black "Nielsen, Peter Heine"]
[Result "1/2-1/2"]
[WhiteElo "2525"]
[BlackElo "2530"]
[PlyCount "54"]
[EventDate "1996.07.05"]
[Source "ChessBase"]

1. e4 c6 2. d4 d5 3. exd5 cxd5 4. c4 Nf6 5. Nc3 Nc6 6. Bg5 dxc4 7. d5 Na5 8. b4 cxb3 9. axb3 Bd7 10. Bd3 e6 11. dxe6 Bxe6 12. Bb5+ Nc6 13. Qxd8+ Rxd8 14. Rxa7 Bb4 15. Bxf6 gxf6 16. Nge2 O-O 17. Rxb7 Na5 18. Ra7 Rc8 19. O-O Rxc3 20. Nxc3 Bxc3 21. Bd7 Bxb3 22. Rc1 Bd2 23. Ra1 Nc4 24. Rb7 Bc2 25. Rc7 Bb3 26. Rb7 Bc2 27. Rc7 Bb3 1/2-1/2

[Event "MK Cafe op-A"]
[Site "Koszalin"]
[Date "1997.08.11"]
[Round "10"]
[White "Gdanski, Jacek"]
[Black "Khenkin, Igor"]
[Result "1/2-1/2"]
[WhiteElo "2505"]
[BlackElo "2550"]
[PlyCount "33"]
[EventDate "1997.08.03"]
[Source "ChessBase"]
[SourceDate "1997.09.26"]

1. e4 c6 2. d4 d5 3. exd5 cxd5 4. c4 Nf6 5. Nc3 Nc6 6. Nf3 Bg4 7. cxd5 Nxd5 8. Qb3 Bxf3 9. gxf3 e6 10. Qxb7 Nxd4 11. Bb5+ Nxb5 12. Qc6+ Ke7 13. Qxb5 Qd7 14. Nxd5+ Qxd5 15. Bg5+ f6 16. Qxd5 exd5 17. Be3 1/2-1/2

[Event "Linares Anibal op"]
[Site "Linares"]
[Date "1999.01.15"]
[Round "8"]
[White "Bologan, Viktor"]
[Black "Borges Mateos, Juan"]
[Result "1-0"]
[WhiteElo "2585"]
[BlackElo "2470"]
[PlyCount "29"]
[EventDate "1999.01.??"]
[Source "ChessBase"]
[SourceDate "1999.03.01"]

1. e4 c6 2. d4 d5 3. exd5 cxd5 4. c4 Nf6 5. Nc3 Nc6 6. Nf3 Bg4 7. cxd5 Nxd5 8. Qb3 Nb6 9. d5 Bxf3 10. gxf3 Nd4 11. Bb5+ Nd7 12. Qa4 e5 13. dxe6 Nxe6 14. Bg5 Nxg5 15. O-O-O 1-0

[Event "Buenos Aires"]
[Site "Buenos Aires ARG"]
[Date "1992.??.??"]
[Round "?"]
[White "Milos, Gilberto"]
[Black "Larsen, Bent"]
[Result "1/2-1/2"]
[WhiteElo "2515"]
[BlackElo "2535"]
[PlyCount "67"]
[EventDate "1992.04.??"]
[Source "www.chesslib.no"]
[SourceDate "2004.05.04"]

1. e4 c6 2. d4 d5 3. exd5 cxd5 4. c4 Nf6 5. Nc3 Nc6 6. Nf3 e6 7. cxd5 exd5 8. Bb5 Bd6 9. Qe2+ Be6 10. Ng5 Qe7 11. Nxe6 fxe6 12. Bg5 O-O 13. Rd1 Rae8 14. O-O Qc7 15. g3 Qf7 16. Kh1 e5 17. Bxf6 exd4 18. Qd3 Qxf6 19. Nxd5 Qh6 20. f4 Kh8 21. Rde1 Qh5 22. Rxe8 Rxe8 23. Qf3 Qf7 24. Bd3 Nb4 25. Nxb4 Bxb4 26. Rc1 g6 27. Bc4 Qd7 28. Rd1 Bc5 29. Kg2 Qa4 30. Bb3 Qb5 31. Qd5 Qe2+ 32. Kh3 b6 33. Ba4 Rf8 34. f5 1/2-1/2

[Event "Rubinstein mem"]
[Site "Polanica Zdroj"]
[Date "1992.??.??"]
[Round "1"]
[White "Gdanski, Jacek"]
[Black "Adorjan, Andras"]
[Result "1/2-1/2"]
[WhiteElo "2500"]
[BlackElo "2550"]
[PlyCount "89"]
[EventDate "1992.08.??"]
[Source "ChessBase"]

1. e4 c6 2. d4 d5 3. exd5 cxd5 4. c4 Nf6 5. Nc3 Nc6 6. Nf3 Bg4 7. cxd5 Nxd5 8. Qb3 Bxf3 9. gxf3 e6 10. Qxb7 Nxd4 11. Bb5+ Nxb5 12. Qc6+ Ke7 13. Qxb5 Qd7 14. Nxd5+ Qxd5 15. Qxd5 exd5 16. Be3 Ke6 17. O-O-O Rc8+ 18. Kb1 Bc5 19. Rhg1 g6 20. Rg4 Rhd8 21. Ra4 Bb6 22. Bxb6 axb6 23. Ra7 d4 24. Re1+ Kf6 25. Rc1 b5 26. Rcc7 Rxc7 27. Rxc7 Re8 28. Kc1 Re1+ 29. Kd2 Rb1 30. Rc6+ Ke7 31. Rc2 Kd6 32. Kd3 Kd5 33. a3 f5 34. Ke2 Ra1 35. h4 h6 36. b4 Ke5 37. Rc5+ Kf4 38. Rxb5 Rxa3 39. Rb6 Rxf3 40. Rxg6 Rb3 41. Rxh6 Rxb4 42. h5 Rb2+ 43. Kd3 Rxf2 44. Rh8 Rh2 45. h6 1/2-1/2

[Event "NED-ch"]
[Site "Rotterdam"]
[Date "2000.05.07"]
[Round "1"]
[White "Van den Doel, Erik"]
[Black "Van der Sterren, Paul"]
[Result "0-1"]
[WhiteElo "2522"]
[BlackElo "2526"]
[PlyCount "58"]
[EventDate "2000.05.07"]
[Source "ChessBase"]
[SourceDate "2000.07.27"]

1. e4 c6 2. d4 d5 3. exd5 cxd5 4. c4 Nf6 5. Nc3 Nc6 6. Bg5 Qa5 7. Nf3 Bg4 8. Bxf6 exf6 9. cxd5 Bb4 10. Qb3 Bxf3 11. dxc6 Bxc6 12. a3 Bxc3+ 13. Qxc3 Qd5 14. f3 Qg5 15. Kf2 O-O-O 16. Rd1 Kb8 17. Bc4 Rd7 18. Rd2 Rc8 19. Qd3 Bxf3 20. gxf3 Rxc4 21. Rhd1 Rcxd4 22. Qxd4 Rxd4 23. Rxd4 a6 24. Rd7 Qe5 25. Rxf7 Qxb2+ 26. Kg1 Qxa3 27. Rdd7 Qxf3 28. Rxg7 h5 29. Rg3 Qe4 0-1

[Event "Bundesliga 8990"]
[Site "Germany"]
[Date "1990.??.??"]
[Round "?"]
[White "Brunner, Lucas"]
[Black "Adorjan, Andras"]
[Result "0-1"]
[WhiteElo "2525"]
[BlackElo "2520"]
[PlyCount "96"]
[EventDate "1989.10.??"]
[Source "ChessBase"]
[SourceDate "1999.07.01"]

1. e4 c6 2. d4 d5 3. exd5 cxd5 4. c4 Nf6 5. Nc3 Nc6 6. Nf3 Bg4 7. cxd5 Nxd5 8. Qb3 Bxf3 9. gxf3 e6 10. Qxb7 Nxd4 11. Bb5+ Nxb5 12. Qc6+ Ke7 13. Qxb5 Qd7 14. Nxd5+ Qxd5 15. Qxd5 exd5 16. Be3 Ke6 17. O-O-O Bb4 18. Kb1 Rhd8 19. Rd3 Rd7 20. Rc1 Rb8 21. Rc6+ Kf5 22. Ra6 Rbb7 23. a3 Be7 24. Ka2 Bf6 25. b4 d4 26. Bd2 Re7 27. Ra5+ Kg6 28. Ra6 Re2 29. Rxd4 Rxf2 30. Rd3 Rxh2 31. Kb3 Rf2 32. Bc3 h5 33. Bd4 Rd7 34. Bxf2 Rxd3+ 35. Kc4 Rxf3 36. Bxa7 h4 37. b5 h3 38. Bb8 Rf2 39. Rd6 Rc2+ 40. Kb3 Rb2+ 41. Kc4 Rc2+ 42. Kb4 Rc8 43. Rb6 Kf5 44. Rb7 Rh8 45. Bh2 Be5 46. Rxf7+ Ke6 47. Bxe5 Kxe5 48. Rf1 g5 0-1

[Event "11. Venecia it"]
[Site "?"]
[Date "1974.11.??"]
[Round "3"]
[White "Mariotti Sergio"]
[Black "Savon Vladimir A"]
[Result "1-0"]
[WhiteElo "2465"]
[BlackElo "2575"]
[PlyCount "157"]
[EventDate "1974.??.??"]
[Source "www.chesslib.no"]
[SourceDate "2004.05.04"]

1. e4 c6 2. d4 d5 3. exd5 cxd5 4. c4 Nf6 5. c5 g6 6. Nc3 Bg7 7. Bb5+ Nc6 8. Nge2 O-O 9. O-O Bg4 10. f3 Bd7 11. Bg5 e6 12. Rb1 h6 13. Be3 a6 14. Bxc6 Bxc6 15. b4 b5 16. a4 bxa4 17. Nxa4 Nd7 18. Nac3 Nb8 19. Qd2 Kh7 20. Qd3 Bb7 21. Rfd1 Nc6 22. Na4 Qe8 23. Nb6 Rd8 24. f4 f6 25. f5 exf5 26. Nc3 Qf7 27. b5 axb5 28. Nxb5 Ba6 29. Qb3 Bxb5 30. Qxb5 Qc7 31. Bf4 Qxf4 32. Qxc6 Qe3+ 33. Kh1 f4 34. Nxd5 Qf2 35. Rf1 Qxd4 36. Nxf4 Rc8 37. Qb7 Qc4 38. Rbc1 Qf7 39. c6 Rc7 40. Qb5 Rd8 41. Rfd1 Rxd1+ 42. Rxd1 Qe8 43. Rc1 Qe3 44. Nd3 f5 45. Qd5 Bd4 46. Qc4 Bb6 47. Nb4 Re7 48. Nd5 Qe1+ 49. Qf1 Qxf1+ 50. Rxf1 Re6 51. Nxb6 Rxc6 52. Nd5 Rc5 53. Rd1 g5 54. Kg1 Kg6 55. Rd2 f4 56. Kf1 Kf5 57. Nb4 Rc4 58. Nc2 Ra4 59. Nd4+ Kg6 60. Ne2 Ra6 61. Rd5 Kf6 62. Rc5 Rd6 63. h3 Kg6 64. Rc4 Kf6 65. Nd4 Ke5 66. Nf3+ Kf6 67. Ke2 Re6+ 68. Kd2 Kg6 69. Rc5 Kh5 70. h4 Rg6 71. Ke2 Rg8 72. Kf2 Rg7 73. Kg1 Rg8 74. Kf2 Rg7 75. Rd5 Rg8 76. hxg5 hxg5 77. Ne5 Kh4 78. Rd6 g4 79. Nf7 1-0

[Event "Frunze"]
[Site "Frunze KGZ"]
[Date "1988.??.??"]
[Round "?"]
[White "Glek, Igor V"]
[Black "Vladimirov, Evgeny Y"]
[Result "0-1"]
[WhiteElo "2500"]
[BlackElo "2540"]
[PlyCount "53"]
[EventDate "1988.05.??"]
[Source "www.chesslib.no"]
[SourceDate "2004.05.04"]

1. e4 c6 2. d4 d5 3. exd5 cxd5 4. c4 Nf6 5. Nc3 Nc6 6. c5 Ne4 7. Nf3 e6 8. Bd3 Nxc3 9. bxc3 Be7 10. O-O b6 11. cxb6 axb6 12. Re1 Ba6 13. Bc2 O-O 14. Bf4 Rc8 15. Re3 g6 16. h4 Bxh4 17. g4 Bf6 18. Kg2 Bg7 19. Qh1 e5 20. Nxe5 Nxe5 21. Bxe5 Bxe5 22. dxe5 d4 23. Qh6 dxe3 24. Rh1 Bb7+ 25. f3 Qd2+ 26. Kg3 Qf2+ 27. Kf4 0-1

[Event "38th New York Masters"]
[Site "New York"]
[Date "2002.12.17"]
[Round "1"]
[White "Shahade, Jennifer"]
[Black "Benjamin, Joel"]
[Result "0-1"]
[WhiteElo "2352"]
[BlackElo "2688"]
[PlyCount "78"]
[EventDate "2002.12.17"]
[Source "Roberto Alvarez"]
[SourceDate "2003.05.19"]

1. e4 c6 2. d4 d5 3. exd5 cxd5 4. c4 Nf6 5. Nc3 Nc6 6. Bg5 Be6 7. Nge2 dxc4 8. Nf4 Bg4 9. f3 Bc8 10. Bxc4 Nxd4 11. Qa4+ Nc6 12. Rd1 Bd7 13. O-O e6 14. Kh1 Qa5 15. Qxa5 Nxa5 16. Bb5 Nc6 17. Bxf6 gxf6 18. Ne4 O-O-O 19. Nxf6 Bh6 20. Nd3 Bg7 21. Nxd7 Rxd7 22. Nc5 Rc7 23. Ne4 Nd4 24. Bd3 Rd8 25. h4 h6 26. b3 Nf5 27. Bc4 Ne3 28. Rxd8+ Kxd8 29. Rb1 Ke7 30. Bd3 Rd7 31. Nc5 Rd5 32. b4 b6 33. Be4 Rd2 34. Nb3 Rxa2 35. Rc1 Kd7 36. Bc6+ Kd6 37. Be4 f5 38. Bd3 Nxg2 39. Nd4 Bxd4 0-1

[Event "Sochi"]
[Site "Sochi"]
[Date "1986.??.??"]
[Round "9"]
[White "Sveshnikov, Evgeny"]
[Black "Hodgson, Julian M"]
[Result "1/2-1/2"]
[WhiteElo "2535"]
[BlackElo "2500"]
[PlyCount "39"]
[EventDate "1986.09.??"]
[Source "ChessBase"]

1. e4 c6 2. d4 d5 3. exd5 cxd5 4. c4 Nf6 5. Nc3 Nc6 6. Nf3 Bg4 7. cxd5 Nxd5 8. Qb3 Bxf3 9. gxf3 Nb6 10. Be3 e6 11. Rg1 g6 12. O-O-O Be7 13. d5 exd5 14. Nxd5 Nxd5 15. Rxd5 Qc7 16. Qc3 Bf6 17. Qc5 Be7 18. Qc3 Bf6 19. Qc5 Be7 20. Qc3 1/2-1/2

[Event "Malmo"]
[Site "Malmo SWE"]
[Date "1987.??.??"]
[Round "?"]
[White "Hebden, Mark L"]
[Black "Garcia Palermo, Carlos H"]
[Result "1/2-1/2"]
[WhiteElo "2515"]
[BlackElo "2520"]
[PlyCount "85"]
[EventDate "1987.12.??"]
[Source "www.chesslib.no"]
[SourceDate "2004.05.04"]

1. e4 c6 2. d4 d5 3. exd5 cxd5 4. c4 Nf6 5. Nc3 Nc6 6. Bg5 Qa5 7. Bd2 Qd8 8. Nf3 Bg4 9. cxd5 Nxd5 10. Bb5 Rc8 11. h3 Bxf3 12. Qxf3 e6 13. Nxd5 Qxd5 14. Qxd5 exd5 15. O-O Be7 16. Rfe1 Kd8 17. Red1 Kc7 18. a3 Kb6 19. Ba4 Bf6 20. b4 Bxd4 21. Rab1 Rhd8 22. Bb3 Ne7 23. Bg5 f6 24. Rxd4 fxg5 25. Re1 Rd7 26. Rg4 h6 27. h4 Rc3 28. Ba4 Nc6 29. hxg5 hxg5 30. Ra1 a6 31. Kf1 d4 32. Ke2 Rd5 33. Kd2 Kc7 34. Rxd4 Nxd4 35. Kxc3 Ne2+ 36. Kc2 b5 37. Bb3 Nd4+ 38. Kb2 Rf5 39. Rf1 Nxb3 40. Kxb3 g4 41. Kc3 Rf4 42. Kd3 Kd6 43. Rd1 1/2-1/2

[Event "Osterskars Havsbad"]
[Site "?"]
[Date "1995.??.??"]
[Round "?"]
[White "Gdanski, J."]
[Black "Khenkin, I."]
[Result "1-0"]
[WhiteElo "2480"]
[BlackElo "2555"]
[PlyCount "79"]
[EventDate "1995.??.??"]
[Source "ChessBase"]
[SourceDate "1995.06.01"]

1. e4 c6 2. d4 d5 3. exd5 cxd5 4. c4 Nf6 5. Nc3 Nc6 6. Nf3 e6 7. c5 Ne4 8. Qc2 Qa5 9. a3 Be7 10. Rb1 f5 11. b4 Qc7 12. b5 Nxd4 13. Nxd4 Bxc5 14. Nxe4 fxe4 15. b6 axb6 16. Bb5+ Kf7 17. O-O Rf8 18. Nb3 Bd6 19. Qxc7+ Bxc7 20. a4 Kg8 21. Ba3 Rf6 22. Rbc1 Bf4 23. Rc2 e3 24. Bc1 exf2+ 25. Rcxf2 Bxc1 26. Rxc1 e5 27. Re2 e4 28. Nd4 Rf7 29. Rf2 Re7 30. Rfc2 Bg4 31. Rc7 Rxc7 32. Rxc7 Bd1 33. Rc1 Bg4 34. Kf2 Kf7 35. Rc7+ Kf6 36. Ke3 Bd1 37. Rc1 Bg4 38. h3 Bh5 39. Rf1+ Ke7 40. Nf5+ 1-0

[Event "otb"]
[Site "otb"]
[Date "2007.03.15"]
[Round "6"]
[White "Romanov Evgeny"]
[Black "Popov Ivan"]
[Result "1-0"]
[WhiteElo "2501"]
[BlackElo "2531"]
[PlyCount "79"]
[Source "www.chesslib.no"]
[SourceDate "2004.05.04"]

1. e4 c6 2. d4 d5 3. exd5 cxd5 4. c4 Nf6 5. Nc3 Nc6 6. Bg5 Be6 7. g3 Qa5 8. Bg2 O-O-O 9. Bd2 Qa6 10. Nge2 dxc4 11. O-O Bd5 12. Nxd5 Nxd5 13. a4 e6 14. a5 Bb4 15. Bc3 h5 16. Qa4 Bxc3 17. bxc3 e5 18. dxe5 Nxe5 19. Rfb1 Nc6 20. Rb5 Nc7 21. Rc5 Ne6 22. Rxc4 Rd6 23. Nd4 Nexd4 24. cxd4 Rhd8 25. d5 Rxd5 26. Bxd5 Rxd5 27. Rac1 Kb8 28. Rc5 Rxc5 29. Rxc5 f6 30. Qb3 Qe2 31. Qg8+ Kc7 32. Qxg7+ Kd6 33. Qf8+ Ne7 34. Rc1 Ke6 35. Qd8 Kf7 36. Qd1 Qb5 37. Rb1 Qxa5 38. Rxb7 Qc5 39. h4 a5 40. Qe2 1-0

[Event "CRO-Cup"]
[Site "Pula CRO"]
[Date "1996.??.??"]
[Round "?"]
[White "Sermek, Drazen"]
[Black "Dizdarevic, Emir"]
[Result "1/2-1/2"]
[WhiteElo "2535"]
[BlackElo "2495"]
[PlyCount "21"]
[EventDate "1996.??.??"]
[Source "www.chesslib.no"]
[SourceDate "2004.05.04"]

1. e4 c6 2. d4 d5 3. exd5 cxd5 4. c4 Nf6 5. Nc3 Nc6 6. Nf3 g6 7. Bg5 Be6 8. Bxf6 exf6 9. Be2 Bg7 10. O-O O-O 11. cxd5 1/2-1/2

[Event "Sakthi"]
[Site "Sakthi"]
[Date "1996.??.??"]
[Round "4"]
[White "Ramesh, RB."]
[Black "Adianto, Utut"]
[Result "0-1"]
[WhiteElo "2415"]
[BlackElo "2610"]
[PlyCount "52"]
[EventDate "1996.??.??"]
[Source "ChessBase"]

1. e4 c6 2. d4 d5 3. exd5 cxd5 4. c4 Nf6 5. Nc3 Nc6 6. Bg5 Be6 7. Be2 Qa5 8. Nf3 dxc4 9. O-O Rd8 10. Qc1 Nxd4 11. Nxd4 Rxd4 12. b4 Qd8 13. Be3 Rd7 14. Bxa7 g6 15. Nb5 Bg7 16. Bxc4 Bf5 17. Nd4 O-O 18. Nxf5 gxf5 19. Be3 Ne4 20. Rb1 Rc7 21. Bc5 Qc8 22. a4 b6 23. a5 bxa5 24. Qf4 axb4 25. Ba6 Qxa6 26. Qxc7 Rc8 0-1

[Event "Campionato danese"]
[Site "Aalborg DAN"]
[Date "2007.04.06"]
[Round "7"]
[White "Hansen, SuB"]
[Black "Rasmussen, Kar"]
[Result "1-0"]
[WhiteElo "2560"]
[BlackElo "2462"]
[PlyCount "65"]
[EventDate "2007.03.31"]
[Source "www.chesslib.no"]
[SourceDate "2004.05.04"]

1. e4 c6 2. d4 d5 3. exd5 cxd5 4. c4 Nf6 5. Nc3 Nc6 6. Bg5 dxc4 7. Nf3 Bg4 8. d5 Ne5 9. Bxc4 Nxc4 10. Qa4+ Qd7 11. Qxc4 Bxf3 12. gxf3 g6 13. Bxf6 exf6 14. Ne4 Be7 15. d6 Bd8 16. O-O O-O 17. Rad1 Rc8 18. Qd4 f5 19. Nf6+ Bxf6 20. Qxf6 Qc6 21. Kg2 Qb6 22. Rfe1 Rc2 23. Qh4 Qd8 24. Qd4 Qg5+ 25. Kh1 Qh5 26. d7 Qxf3+ 27. Kg1 f4 28. Re8 Qg4+ 29. Kf1 Rxf2+ 30. Kxf2 Qh4+ 31. Kf1 Qh3+ 32. Ke1 Qh4+ 33. Qf2 1-0

[Event "Copenhagen KS"]
[Site "Copenhagen"]
[Date "1996.??.??"]
[Round "6"]
[White "Hansen, Sune Berg"]
[Black "Nielsen, Peter Heine"]
[Result "1/2-1/2"]
[WhiteElo "2490"]
[BlackElo "2530"]
[PlyCount "49"]
[EventDate "1996.07.05"]
[Source "ChessBase"]

1. e4 c6 2. d4 d5 3. exd5 cxd5 4. c4 Nf6 5. Nc3 Nc6 6. Bg5 dxc4 7. Bxc4 Qxd4 8. Qxd4 Nxd4 9. O-O-O e5 10. f4 Bg4 11. Nf3 Bxf3 12. gxf3 Rc8 13. fxe5 Rxc4 14. exf6 g6 15. Rhe1+ Ne6 16. Kb1 Rc6 17. Nd5 Bd6 18. Bh6 Kd7 19. Re2 Rd8 20. Be3 Bc5 21. Bxc5 Rxc5 22. Rxe6 fxe6 23. Nf4+ Rd5 24. Nxd5 exd5 25. Rxd5+ 1/2-1/2

[Event "USA-ch"]
[Site "USA"]
[Date "1988.??.??"]
[Round "?"]
[White "Fedorowicz, John P"]
[Black "Miles, Anthony J"]
[Result "1/2-1/2"]
[WhiteElo "2520"]
[BlackElo "2500"]
[PlyCount "86"]
[EventDate "1988.10.??"]
[Source "ChessBase"]

1. e4 c6 2. d4 d5 3. exd5 cxd5 4. c4 Nf6 5. Nc3 Nc6 6. Bg5 Be6 7. Bxf6 gxf6 8. Nf3 Qd7 9. Be2 Rd8 10. cxd5 Bxd5 11. Nxd5 Qxd5 12. O-O Bh6 13. Qc2 O-O 14. Bd3 Nxd4 15. Nxd4 Qxd4 16. Rad1 Kh8 17. Rfe1 e6 18. Bxh7 Qb6 19. Bd3 f5 20. Bc4 Bg7 21. b3 Rd4 22. Rxd4 Bxd4 23. Rd1 Rd8 24. Rd3 Kg8 25. Qd2 Kf8 26. a4 a6 27. a5 Qc5 28. g3 Ke8 29. h4 Bf6 30. h5 Rxd3 31. Bxd3 Bc3 32. Qf4 Qxa5 33. Bf1 Be5 34. Qf3 Qc5 35. Qxb7 Bxg3 36. Qf3 Be5 37. Bxa6 Kf8 38. Bc4 Kg8 39. Qg2+ Kf8 40. h6 Qa3 41. Qg5 Qa1+ 42. Bf1 Qd4 43. h7 Qg4+ 1/2-1/2

[Event "Rilton Cup 9697"]
[Site "Stockholm"]
[Date "1996.??.??"]
[Round "6"]
[White "Brynell, Stellan"]
[Black "Khenkin, Igor"]
[Result "1/2-1/2"]
[WhiteElo "2445"]
[BlackElo "2575"]
[PlyCount "30"]
[EventDate "1996.12.??"]
[Source "ChessBase"]

1. e4 c6 2. d4 d5 3. exd5 cxd5 4. c4 Nf6 5. Nc3 Nc6 6. Nf3 e6 7. c5 Be7 8. Bb5 O-O 9. O-O Ne4 10. Re1 Nxc3 11. bxc3 Qc7 12. Bd3 b6 13. cxb6 axb6 14. Ng5 Bxg5 15. Bxg5 Ba6 1/2-1/2

[Event "EUCup final 14th"]
[Site "Belgrade"]
[Date "1999.01.13"]
[Round "3"]
[White "Tseitlin, Mark D"]
[Black "Dizdarevic, Emir"]
[Result "1-0"]
[WhiteElo "2490"]
[BlackElo "2528"]
[PlyCount "73"]
[EventDate "1999.01.11"]
[Source "ChessBase"]
[SourceDate "1999.04.01"]

1. e4 c6 2. d4 d5 3. exd5 cxd5 4. c4 Nf6 5. Nc3 Nc6 6. Bg5 Qa5 7. Nf3 Be6 8. c5 Ne4 9. Bd2 Nxd2 10. Qxd2 g6 11. Bb5 Bg7 12. O-O O-O 13. Bxc6 bxc6 14. Rfe1 Rfe8 15. a3 Qc7 16. b4 Bd7 17. b5 Rab8 18. a4 cxb5 19. Nxd5 Qd8 20. Qf4 e6 21. Nc7 Re7 22. Nxb5 Bxb5 23. axb5 Rxb5 24. h4 a5 25. h5 gxh5 26. Rab1 Rb4 27. Rxb4 axb4 28. Rb1 Rb7 29. c6 Qc7 30. Qe4 Rb8 31. Rb3 Rc8 32. Ng5 Qxc6 33. Qxh7+ Kf8 34. Rg3 Qc1+ 35. Kh2 Qf4 36. Qxg7+ Kxg7 37. Nxe6+ 1-0

[Event "Olot"]
[Site "Olot"]
[Date "1972.??.??"]
[Round "?"]
[White "Mariotti, Sergio"]
[Black "Pfleger, Helmut"]
[Result "0-1"]
[WhiteElo "2470"]
[BlackElo "2545"]
[PlyCount "96"]
[EventDate "1972.??.??"]
[Source "www.chesslib.no"]
[SourceDate "2004.05.04"]

1. e4 c6 2. d4 d5 3. exd5 cxd5 4. c4 Nf6 5. c5 e5 6. dxe5 Ne4 7. Bd3 Qa5+ 8. Bd2 Qxc5 9. Bxe4 dxe4 10. Bc3 e3 11. fxe3 Qxe3+ 12. Ne2 Nc6 13. Qd2 Qe4 14. O-O Bc5+ 15. Kh1 O-O 16. Ng3 Qg6 17. Qf4 Qg4 18. Qxg4 Bxg4 19. Nd2 Rad8 20. Nb3 Bb6 21. Ne4 Rd5 22. h3 Be6 23. Nd6 Nxe5 24. Nxb7 Nd3 25. N7a5 Rc8 26. Rf3 Ne5 27. Rg3 Rxc3 28. Rxc3 Bxa5 29. Nxa5 Rxa5 30. Rac1 f6 31. a3 Kf7 32. Rc7+ Bd7 33. Rb7 a6 34. Rcc7 Rd5 35. b4 g5 36. Ra7 Rd6 37. a4 Kg6 38. b5 axb5 39. axb5 Bxb5 40. Rxh7 Rd2 41. Rhg7+ Kf5 42. Ra1 Bc6 43. Rf1+ Ke6 44. Rg1 Nd3 45. h4 gxh4 46. Kh2 Nf4 47. Re1+ Kf5 48. Rf1 Bxg2 0-1